|
|
|
|
| LEADER |
00899nam a2200265 a 4500 |
| 001 |
3323 |
| 003 |
BD-DhAAL |
| 005 |
20150615143841.0 |
| 008 |
150615s1996 wiua b 001 0 eng |
| 010 |
|
|
|a 95078142
|
| 020 |
|
|
|z 0697215651
|
| 040 |
|
|
|a DLC
|c DLC
|d BD-DhAAL
|
| 050 |
0 |
0 |
|a RA776
|b .C755 1996
|
| 082 |
0 |
0 |
|a 613
|2 20
|
| 245 |
0 |
0 |
|a Connections for health /
|c Kathleen D. Mullen ... [et al.].
|
| 250 |
|
|
|a 4th ed.
|
| 260 |
|
|
|a Madison, Wis. :
|b Brown & Benchmark,
|c c1996.
|
| 300 |
|
|
|a xvi, 687 p. :
|b ill. (chiefly col.) ;
|c 28 cm.
|
| 504 |
|
|
|a Includes bibliographical references and index.
|
| 541 |
|
|
|e 3323
|
| 650 |
|
0 |
|a Health.
|9 12118
|
| 700 |
1 |
|
|a Mullen, Kathleen D.
|9 12119
|
| 942 |
|
|
|2 ddc
|c BK
|
| 999 |
|
|
|c 34737
|d 34737
|
| 952 |
|
|
|0 0
|1 0
|2 ddc
|4 0
|6 613_000000000000000_CON
|7 0
|9 54338
|a SCL
|b SCL
|c GEN
|d 2015-06-15
|e Gift: The Asia Foundation
|l 0
|o 613 CON
|p 3020003323
|r 2015-06-15
|t 1
|w 2015-06-15
|y BK
|